000 00332nam a22001457a 4500
020 _a0-7214-0478-2
082 _a823
_bMUR/K
100 _aMURRAY, W
245 _aFUN AT FARM
_bKEY WORDS WITH LADYBIRD
260 _aUK
_bLADYBIRD
300 _a50
520 _aENGLISH SHORT STORY
650 _aENGLISH SHORT STORY
_zUK
942 _cBK
999 _c4960
_d4960